Principles of economics (Record no. 6712)

MARC details
000 -LEADER
fixed length control field 00828 a2200217 4500
005 - DATE AND TIME OF LATEST TRANSACTION
control field 20080908115012.0
008 - FIXED-LENGTH DATA ELEMENTS--GENERAL INFORMATION
fixed length control field 080908t xxu||||| |||| 00| 0 eng d
010 ## - LIBRARY OF CONGRESS CONTROL NUMBER
LC control number ENG-87605
020 ## - INTERNATIONAL STANDARD BOOK NUMBER
Terms of availability 185.00
International Standard Book Number 0070635854
035 ## - SYSTEM CONTROL NUMBER
System control number EN-71138
037 ## - SOURCE OF ACQUISITION
Source of stock number/acquisition D.B.Act / Pub
082 ## - DEWEY DECIMAL CLASSIFICATION NUMBER
Classification number 330.1
100 ## - MAIN ENTRY--PERSONAL NAME
Personal name Deepashree
245 ## - TITLE STATEMENT
Title Principles of economics
Statement of responsibility, etc by Deepashree
Remainder of title for B. Com. course of University of Delhi
260 ## - PUBLICATION, DISTRIBUTION, ETC. (IMPRINT)
Place of publication, distribution, etc New Delhi
Name of publisher, distributor, etc Tata McGraw-Hill Publishing
Date of publication, distribution, etc 2008
270 ## - ADDRESS
Address 7, West Patel Nagar
City New Delhi
Postal code 110008
300 ## - PHYSICAL DESCRIPTION
Extent various paging
Dimensions 23 cm. (Pbk)
500 ## - GENERAL NOTE
General note Includes index
942 ## - ADDED ENTRY ELEMENTS (KOHA)
Institution code [OBSOLETE] dpl
Koha item type English Books
Call number prefix 330.1 / DEE
Source of classification or shelving scheme Dewey Decimal Classification
Classification part 330.1
Call number suffix DEE
Holdings
Withdrawn status Lost status Damaged status Not for loan Collection code Home library Current library Date acquired Cost, normal purchase price Total Checkouts Full call number Barcode Date last seen Copy number Uniform Resource Identifier Cost, replacement price Price effective from Koha item type
      Not For Loan Non-fiction D.B.Act.Division D.B.Act.Division 08/09/2008 185.00   330.1 DEE EN-71138 15/09/2008 1 7214 185.00 15/09/2008 English Books

© Delhi Public Library
Hit Counter
free hit counter